[Event "L Festival A"]
[Site "Imperia ITA"]
[Date "2008.09.07"]
[Round "9"]
[White "Arata, Roberto Mario"]
[Black "Dolezal, Radoslav jr"]
[WhiteElo "2178"]
[BlackElo "2445"]
[Result "0-1"]
[PlyCount "102"]
[EventDate "2008.08.31"]

1. d4 Nf6 2. c4 c6 3. Nc3 d5 4. Nf3 a6 5. e3 b5 6. cxd5 cxd5 7. Bd3 e6 8. O-O
Nbd7 9. a4 b4 10. Na2 Bd6 11. Bd2 a5 12. Nc1 O-O 13. Nb3 Qb6 14. Qe2 Bb7 15.
Rfc1 Ne4 16. Be1 f5 17. Bb5 Rad8 18. Nfd2 e5 19. Nf1 Nef6 20. Rc2 Rf7 21. Rac1
Nf8 22. Nc5 Ba8 23. Nd2 e4 24. f4 exf3 25. Nxf3 Re7 26. Qd3 Ng6 27. Qxf5 Rf8
28. Ne6 Bxh2+ 29. Nxh2 Qxe6 30. Qxe6+ Rxe6 31. Rc8 Ne7 32. Rxf8+ Kxf8 33. Kf2
Bc6 34. Bxc6 Rxc6 35. Rxc6 Nxc6 36. Ke2 Ne4 37. Nf1 Ke7 38. Nd2 Ke6 39. Kd3
Nxd2 40. Kxd2 Kf5 41. Kd3 h5 42. Bg3 g5 43. Bc7 h4 44. b3 g4 45. Bd6 h3 46.
gxh3 gxh3 47. Bh2 Nd8 48. Bg3 Ne6 49. e4+ dxe4+ 50. Ke3 Ng5 51. d5 Nf3 0-1

[Event "L Festival A"]
[Site "Imperia ITA"]
[Date "2008.09.07"]
[Round "9"]
[White "Arlandi, Ennio"]
[Black "Stella, Andrea"]
[WhiteElo "2436"]
[BlackElo "2209"]
[Result "1-0"]
[PlyCount "47"]
[EventDate "2008.08.31"]

1. d4 Nf6 2. c4 e6 3. Nc3 Bb4 4. Qc2 c5 5. dxc5 O-O 6. a3 Bxc5 7. Nf3 b6 8. Bf4
Bb7 9. Rd1 Nc6 10. b4 Be7 11. e4 Nh5 12. Bc1 f5 13. exf5 Qc7 14. Be2 Rxf5 15.
Nd5 Qd8 16. g4 Rf8 17. gxh5 exd5 18. cxd5 Nb8 19. Rg1 Bf6 20. Ng5 Bxg5 21. Bxg5
Qe8 22. Bh6 Rf7 23. Qb2 Qf8 24. Rd3 1-0

[Event "L Festival A"]
[Site "Imperia ITA"]
[Date "2008.09.07"]
[Round "9"]
[White "Birens, Eric-Andre'"]
[Black "Gardini, Enrico"]
[WhiteElo "2054"]
[BlackElo "1896"]
[Result "1-0"]
[PlyCount "47"]
[EventDate "2008.08.31"]

1. d4 d5 2. c4 e6 3. Nc3 Nf6 4. Bg5 Be7 5. e3 O-O 6. cxd5 exd5 7. Bd3 h6 8. Bh4
Be6 9. Nge2 Bg4 10. f3 Bc8 11. O-O c6 12. e4 Nxe4 13. fxe4 Bxh4 14. exd5 cxd5
15. Nf4 Bf6 16. Nfxd5 Bxd4+ 17. Kh1 Nc6 18. Bc2 Bxc3 19. bxc3 Ne7 20. Qd3 g6
21. Nf6+ Kh8 22. Qe3 Kg7 23. Rad1 Qc7 24. Qd4 1-0

[Event "L Festival A"]
[Site "Imperia ITA"]
[Date "2008.09.07"]
[Round "9"]
[White "Damele, Stefano"]
[Black "Berg, Victor"]
[WhiteElo "2013"]
[BlackElo "2104"]
[Result "0-1"]
[PlyCount "48"]
[EventDate "2008.08.31"]

1. d4 Nf6 2. c4 c5 3. d5 b5 4. cxb5 a6 5. f3 e6 6. dxe6 fxe6 7. e4 Be7 8. bxa6
Nxa6 9. Bc4 d5 10. exd5 exd5 11. Bd3 O-O 12. Nc3 Nb4 13. Bb1 Ra6 14. Nge2 d4
15. Ne4 Nxe4 16. Bxe4 d3 17. O-O dxe2 18. Qxe2 Rd6 19. Qc4+ Kh8 20. Qxc5 Rd4
21. Qc3 Rxe4 22. fxe4 Rxf1+ 23. Kxf1 Qd1+ 24. Qe1 Ba6+ 0-1

[Event "L Festival A"]
[Site "Imperia ITA"]
[Date "2008.09.07"]
[Round "9"]
[White "Del Dotto, Riccardo"]
[Black "Spirek, Adam"]
[WhiteElo "2171"]
[BlackElo "2050"]
[Result "1-0"]
[PlyCount "43"]
[EventDate "2008.08.31"]

1. e4 d5 2. exd5 Nf6 3. Bb5+ Bd7 4. Be2 Nxd5 5. d4 Bf5 6. Nf3 e6 7. O-O Be7 8.
c4 Nb4 9. Na3 O-O 10. Bf4 a6 11. Qb3 c5 12. Rfd1 Qc8 13. d5 Rd8 14. Rd2 exd5
15. cxd5 b5 16. Rc1 c4 17. Nxc4 Nxd5 18. Rxd5 bxc4 19. Bxc4 Rf8 20. Rdd1 Qe8
21. Ne5 Bg6 22. Bd5 1-0

[Event "L Festival A"]
[Site "Imperia ITA"]
[Date "2008.09.07"]
[Round "9"]
[White "Gioseffi, Massimiliano"]
[Black "Lacrosse, Marc"]
[WhiteElo "2049"]
[BlackElo "2202"]
[Result "1/2-1/2"]
[PlyCount "79"]
[EventDate "2008.08.31"]

1. d4 d5 2. c4 e6 3. Nc3 Nf6 4. Bg5 c6 5. e3 Nbd7 6. Nf3 Qa5 7. Nd2 Bb4 8. Qc2
O-O 9. Be2 e5 10. dxe5 Ne4 11. Ndxe4 dxe4 12. Rc1 Nxe5 13. Bh4 f5 14. a3 Bxc3+
15. Qxc3 Qxc3+ 16. Rxc3 Be6 17. O-O Ng6 18. Bg3 Rad8 19. Rfc1 Rd7 20. R3c2 Rfd8
21. Kf1 Kf7 22. Ke1 Kf6 23. Rd1 Rxd1+ 24. Bxd1 Ne5 25. Bxe5+ Kxe5 26. Be2 c5
27. Rd2 Rxd2 28. Kxd2 g5 29. b3 a5 30. Kc3 Bf7 31. b4 axb4+ 32. axb4 b6 33.
bxc5 bxc5 34. Bd1 h5 35. Be2 h4 36. Bd1 Be6 37. Be2 Bd7 38. Bd1 f4 39. Be2 Ba4
40. Bg4 1/2-1/2

[Event "L Festival A"]
[Site "Imperia ITA"]
[Date "2008.09.07"]
[Round "9"]
[White "Havlikova, Kristyna"]
[Black "Vitak, Pavel"]
[WhiteElo "2135"]
[BlackElo "2187"]
[Result "0-1"]
[PlyCount "60"]
[EventDate "2008.08.31"]

1. e4 c5 2. Nf3 d6 3. d4 cxd4 4. Nxd4 Nf6 5. Nc3 a6 6. Bc4 e6 7. Bb3 Be7 8. Qf3
Qc7 9. O-O Bd7 10. Qg3 g6 11. a4 Nc6 12. Nxc6 Bxc6 13. Re1 O-O-O 14. f3 h5 15.
Be3 g5 16. Qf2 Nd7 17. Bd5 Rdg8 18. Ra3 g4 19. Bd4 gxf3 20. Qxf3 Ne5 21. Qh3
Rg4 22. Bxc6 bxc6 23. Nd1 Rhg8 24. Re2 Ng6 25. Qd3 Nf4 26. Qxa6+ Qb7 27. Qxb7+
Kxb7 28. Rf2 Rxg2+ 29. Rxg2 Rxg2+ 30. Kh1 Rd2 0-1

[Event "L Festival A"]
[Site "Imperia ITA"]
[Date "2008.09.07"]
[Round "9"]
[White "Krouzel, Jaroslav"]
[Black "Jurek, Josef"]
[WhiteElo "2184"]
[BlackElo "2368"]
[Result "0-1"]
[PlyCount "56"]
[EventDate "2008.08.31"]

1. d4 g6 2. c4 Bg7 3. Nc3 c5 4. d5 d6 5. e4 Nf6 6. Be2 O-O 7. Bg5 h6 8. Bf4 e6
9. Qd2 exd5 10. exd5 Kh7 11. Nf3 Nh5 12. Be3 f5 13. g3 Nd7 14. h3 Ndf6 15. Qc2
Qe8 16. O-O-O Nxg3 17. Rhe1 Nge4 18. Nb5 Qd8 19. Bd3 a6 20. Na3 b5 21. Rg1 Bd7
22. Rg2 bxc4 23. Nxc4 Nxd5 24. Bxe4 Nb4 25. Qb1 fxe4 26. Rxd6 Nd3+ 27. Kd2 Rf6
28. Rd5 Rxf3 0-1

[Event "L Festival A"]
[Site "Imperia ITA"]
[Date "2008.09.07"]
[Round "9"]
[White "Pascual Genoves, Marc"]
[Black "Van der Plas, Robert"]
[WhiteElo "2232"]
[BlackElo "2163"]
[Result "1/2-1/2"]
[PlyCount "51"]
[EventDate "2008.08.31"]

1. e4 e6 2. d4 d5 3. exd5 exd5 4. Nf3 Nc6 5. Bb5 Bd6 6. c4 Qe7+ 7. Be3 Bb4+ 8.
Nc3 Nf6 9. O-O Bxc3 10. bxc3 O-O 11. Bg5 Be6 12. Ne5 Na5 13. cxd5 Bxd5 14. Re1
Qd6 15. Bd3 h6 16. Bh4 b6 17. Re3 Rfe8 18. f4 Bb7 19. Qc2 c5 20. Rae1 cxd4 21.
cxd4 Rac8 22. Qf2 Nd5 23. Nc4 Qc6 24. Ne5 Qd6 25. Nc4 Qc6 26. Ne5 1/2-1/2

[Event "L Festival A"]
[Site "Imperia ITA"]
[Date "2008.09.07"]
[Round "9"]
[White "Payen, Arnaud"]
[Black "Bozzali, Ermanno"]
[WhiteElo "2372"]
[BlackElo "2148"]
[Result "1/2-1/2"]
[PlyCount "39"]
[EventDate "2008.08.31"]

1. Nf3 Nf6 2. c4 c5 3. g3 b6 4. Bg2 Bb7 5. O-O e6 6. Nc3 a6 7. b3 Be7 8. d4
cxd4 9. Qxd4 d6 10. Ba3 Nc6 11. Qf4 Qc7 12. Rfd1 Rd8 13. Rac1 Qb8 14. Qe3 Ba8
15. Nd4 Nxd4 16. Bxa8 Nxe2+ 17. Nxe2 Qxa8 18. Qxb6 Nd7 19. Qe3 Ne5 20. Nd4
1/2-1/2

[Event "L Festival A"]
[Site "Imperia ITA"]
[Date "2008.09.07"]
[Round "9"]
[White "Ricca, Giorgio"]
[Black "Dritsakos, Alessio"]
[WhiteElo "2065"]
[BlackElo "1848"]
[Result "1-0"]
[PlyCount "59"]
[EventDate "2008.08.31"]

1. e4 e5 2. f4 Bc5 3. Nf3 d6 4. c3 Nf6 5. d4 exd4 6. cxd4 Bb4+ 7. Bd2 Bxd2+ 8.
Nbxd2 Qe7 9. Bd3 Nxe4 10. O-O f5 11. Nxe4 fxe4 12. Bxe4 O-O 13. Bxb7 Qe3+ 14.
Kh1 Bxb7 15. Ng5 Nd7 16. Re1 Qxf4 17. Qb3+ Kh8 18. Ne6 Bxg2+ 19. Kxg2 Qf2+ 20.
Kh1 Rab8 21. Qh3 Rf6 22. Nxg7 Kxg7 23. Re7+ Kf8 24. Rxd7 Qf3+ 25. Qxf3 Rxf3 26.
b3 Rb4 27. Rxc7 Rxd4 28. Rxh7 Rd2 29. Rc1 Rff2 30. Rc8# 1-0

[Event "L Festival A"]
[Site "Imperia ITA"]
[Date "2008.09.07"]
[Round "9"]
[White "Sanchez, Joseph"]
[Black "Movsziszian, Karen"]
[WhiteElo "2486"]
[BlackElo "2560"]
[Result "1/2-1/2"]
[PlyCount "26"]
[EventDate "2008.08.31"]

1. e4 d6 2. d4 g6 3. Nc3 Nf6 4. Bc4 Bg7 5. Qe2 Nc6 6. Nf3 Bg4 7. Bb5 Nd7 8.
Bxc6 bxc6 9. Qc4 Bxf3 10. gxf3 e5 11. Be3 exd4 12. Bxd4 Bxd4 13. Qxd4 Qf6
1/2-1/2

[Event "L Festival A"]
[Site "Imperia ITA"]
[Date "2008.09.07"]
[Round "9"]
[White "Simacek, Pavel"]
[Black "Biolek, Richard sr"]
[WhiteElo "2470"]
[BlackElo "2434"]
[Result "1/2-1/2"]
[PlyCount "22"]
[EventDate "2008.08.31"]

1. d4 d5 2. c4 c6 3. cxd5 cxd5 4. Nc3 Nc6 5. Nf3 Nf6 6. Bf4 a6 7. e3 e6 8. Bd3
Bd6 9. Bxd6 Qxd6 10. Rc1 b5 11. O-O O-O 1/2-1/2

[Event "L Festival A"]
[Site "Imperia ITA"]
[Date "2008.09.07"]
[Round "9"]
[White "Stoppa, Omar"]
[Black "Spaan, Nathanael"]
[WhiteElo "2230"]
[BlackElo "2153"]
[Result "0-1"]
[PlyCount "80"]
[EventDate "2008.08.31"]

1. e4 c5 2. Nf3 d6 3. d4 cxd4 4. Nxd4 Nf6 5. Nc3 a6 6. Bg5 e6 7. f4 Qc7 8. Qf3
b5 9. O-O-O b4 10. Nce2 Nbd7 11. Ng3 Bb7 12. f5 e5 13. Ne6 fxe6 14. fxe6 Nc5
15. Bxf6 gxf6 16. Qh5+ Kd8 17. Qf5 Be7 18. Bc4 Kc8 19. Rhe1 Kb8 20. Re3 Rc8 21.
b3 Na4 22. Qxh7 Nc3 23. Rdd3 Nxa2+ 24. Kd2 Ka7 25. Nf5 Re8 26. h4 Nc3 27. Nxe7
Rxe7 28. Qf5 Rc8 29. h5 Rg7 30. g4 Rg5 31. Qf2 Ka8 32. Qf3 d5 33. exd5 e4 34.
Rxe4 Nxe4+ 35. Qxe4 Re5 36. Qf4 Re2+ 37. Kxe2 Qxf4 38. e7 Qxg4+ 39. Kd2 Qg2+
40. Kd1 Rg8 0-1

[Event "L Festival A"]
[Site "Imperia ITA"]
[Date "2008.09.07"]
[Round "9"]
[White "Tomassoni, Leonardo"]
[Black "Astengo, Marcello"]
[WhiteElo "1969"]
[BlackElo "2075"]
[Result "1-0"]
[PlyCount "115"]
[EventDate "2008.08.31"]

1. e4 e6 2. d4 d5 3. Nc3 Nf6 4. e5 Ng8 5. Nf3 c5 6. Bb5+ Nc6 7. Be3 cxd4 8.
Nxd4 Bd7 9. Nf3 Bb4 10. Bxc6 bxc6 11. O-O Ne7 12. Na4 Nf5 13. Bg5 Qa5 14. c3
Bf8 15. b4 Qa6 16. g4 Ne7 17. Nc5 Qc4 18. Qd4 Qe2 19. Nd2 h5 20. f3 hxg4 21.
Rf2 Qb5 22. fxg4 Ng6 23. Raf1 Bxc5 24. bxc5 O-O 25. h4 Bc8 26. h5 Nh8 27. Be7
Re8 28. Bd6 Ba6 29. g5 Qd3 30. Qxd3 Bxd3 31. Re1 a5 32. Rf3 Bf5 33. Rg3 Ra7 34.
Nb3 Rc8 35. Rg2 Be4 36. Rb2 Rb7 37. Ree2 Bf3 38. Nxa5 Bxe2 39. Rxb7 Bxh5 40.
Rb8 Rxb8 41. Bxb8 d4 42. cxd4 Bf3 43. Kf2 Bd5 44. a4 Ng6 45. Ke3 Kh7 46. Bc7
Nh4 47. Bd8 Kg6 48. Kd3 Bg2 49. Nc4 f5 50. gxf6 gxf6 51. exf6 Nf3 52. a5 e5 53.
dxe5 Bf1+ 54. Kc3 Bh3 55. a6 Bc8 56. a7 Bb7 57. Nd6 Ba8 58. e6 1-0

[Event "L Festival A"]
[Site "Imperia ITA"]
[Date "2008.09.07"]
[Round "9"]
[White "Van Hoolandt, Patrick"]
[Black "Pesce, Gabriele"]
[WhiteElo "2251"]
[BlackElo "2102"]
[Result "1-0"]
[PlyCount "27"]
[EventDate "2008.08.31"]

1. d4 Nf6 2. c4 g6 3. Nc3 Bg7 4. e4 d6 5. Nf3 O-O 6. Be3 e5 7. dxe5 dxe5 8.
Qxd8 Rxd8 9. Nd5 Nxd5 10. cxd5 c6 11. Bc4 cxd5 12. Bxd5 h6 13. O-O-O Na6 14.
Bxf7+ 1-0

[Event "L Festival A"]
[Site "Imperia ITA"]
[Date "2008.09.07"]
[Round "9"]
[White "Vrana, Frantisek"]
[Black "Ammerlaan, Richard"]
[WhiteElo "2310"]
[BlackElo "2125"]
[Result "1-0"]
[PlyCount "33"]
[EventDate "2008.08.31"]

1. e4 c5 2. Nf3 e6 3. d3 Nc6 4. g3 d5 5. Nbd2 Nf6 6. Bg2 Be7 7. O-O O-O 8. e5
Ne8 9. Re1 Bd7 10. h4 f5 11. exf6 Bxf6 12. Nf1 Nd4 13. Ne5 Bxe5 14. Rxe5 Rxf2
15. Kxf2 Qf6+ 16. Bf4 Nc6 17. Qe1 1-0

[Event "L Festival A"]
[Site "Imperia ITA"]
[Date "2008.09.07"]
[Round "9"]
[White "Zakoucka, Adela"]
[Black "Faraci, Antonino"]
[WhiteElo "2002"]
[BlackElo "2034"]
[Result "1-0"]
[PlyCount "97"]
[EventDate "2008.08.31"]

1. e4 c5 2. Nf3 a6 3. d4 cxd4 4. Nxd4 Nf6 5. Nc3 e5 6. Nb3 d6 7. a4 b6 8. Bc4
Be7 9. Qd3 O-O 10. O-O Nc6 11. Nd5 Nxd5 12. exd5 Nb4 13. Qe2 a5 14. c3 Na6 15.
Be3 f5 16. f3 Nc5 17. Bxc5 bxc5 18. Nxc5 dxc5 19. d6+ Kh8 20. dxe7 Qxe7 21.
Rfe1 Re8 22. Bb5 Bd7 23. Rad1 Bxb5 24. axb5 Qe6 25. c4 Rac8 26. Rd5 e4 27. fxe4
fxe4 28. Qe3 Qe7 29. Qg5 h6 30. Qxe7 Rxe7 31. Kf2 a4 32. Ke3 a3 33. bxa3 Ra7
34. Ra1 Ra4 35. Rc1 Rxa3+ 36. Kxe4 Ra2 37. g3 Rxh2 38. Rb1 Re8+ 39. Kd3 Rg2 40.
b6 Rxg3+ 41. Kc2 Rg2+ 42. Kc3 Rg3+ 43. Rd3 Rxd3+ 44. Kxd3 Kg8 45. b7 Rb8 46.
Ke4 Kf7 47. Kd5 Ke7 48. Kxc5 Kd7 49. Kb6 1-0

[Event "L Festival B"]
[Site "Imperia ITA"]
[Date "2008.08.31"]
[Round "1"]
[White "Blaha, Bohuslav"]
[Black "Paniga, Danilo"]
[WhiteElo "1970"]
[BlackElo "1816"]
[Result "1/2-1/2"]
[PlyCount "41"]
[EventDate "2008.08.31"]

1. e4 d6 2. d4 Nf6 3. Nc3 c6 4. Nf3 Bg4 5. Be2 e6 6. O-O d5 7. Bg5 Be7 8. e5
Nfd7 9. Bxe7 Qxe7 10. Re1 O-O 11. Qd2 a6 12. a4 b6 13. a5 b5 14. Na2 c5 15. c3
Nc6 16. b4 c4 17. h3 Bh5 18. Bd1 Bg6 19. Bc2 Bxc2 20. Qxc2 Qd8 21. Qd2 1/2-1/2

[Event "L Festival B"]
[Site "Imperia ITA"]
[Date "2008.08.31"]
[Round "1"]
[White "Saffioti, Cristian"]
[Black "Cornaggia, Ranieri"]
[WhiteElo "1926"]
[BlackElo "1788"]
[Result "1/2-1/2"]
[PlyCount "122"]
[EventDate "2008.08.31"]

1. e4 e5 2. Nf3 Nc6 3. Bb5 a6 4. Ba4 Nge7 5. O-O d6 6. d4 Bd7 7. Bb3 h6 8. c3
Ng6 9. Re1 Be7 10. Nbd2 O-O 11. Nf1 Kh8 12. Ng3 Bf6 13. h3 Qe7 14. Be3 Nd8 15.
Qd2 Kh7 16. Rad1 Be6 17. Bc2 Nh4 18. Nxh4 Bxh4 19. Nf5 Bxf5 20. exf5 Bf6 21.
dxe5 dxe5 22. Qd5 c6 23. Qd7 Qxd7 24. Rxd7 Kg8 25. Bc5 Re8 26. Bd6 b5 27. Re4
Rc8 28. f4 c5 29. fxe5 Bg5 30. Bd1 g6 31. fxg6 fxg6 32. Bg4 Nc6 33. e6 Ne7 34.
g3 h5 35. Bf3 a5 36. h4 Bf6 37. Be5 Bxe5 38. Rxe5 b4 39. Bb7 Rb8 40. Rxc5 bxc3
41. Rxc3 Nf5 42. Bd5 Rxb2 43. e7+ Kg7 44. Be6 Rb1+ 45. Kf2 Kf6 46. Bxf5 Kxf5
47. a3 Ke6 48. Ra7 Rb5 49. Re3+ Kf7 50. Rd7 Rb6 51. Rf3+ Ke6 52. Ra7 Rb2+ 53.
Ke3 Rb3+ 54. Ke4 Rxf3 55. Kxf3 Rxe7 56. Rxa5 Rb7 57. a4 Rb4 58. Ra8 Kf7 59. a5
Ra4 60. a6 Kg7 61. a7 Kh7 1/2-1/2

[Event "L Festival B"]
[Site "Imperia ITA"]
[Date "2008.09.01"]
[Round "2"]
[White "Cornaggia, Ranieri"]
[Black "Blaha, Bohuslav"]
[WhiteElo "1788"]
[BlackElo "1970"]
[Result "1-0"]
[PlyCount "107"]
[EventDate "2008.08.31"]

1. e4 c5 2. Nf3 e6 3. d4 cxd4 4. Nxd4 a6 5. Nc3 Qc7 6. Be3 Bb4 7. Qd2 Nf6 8. f3
d5 9. e5 Qxe5 10. O-O-O Qc7 11. Bf4 Bxc3 12. bxc3 Qd8 13. g4 O-O 14. Bd3 Nbd7
15. Bd6 Re8 16. Qg5 Nf8 17. Be5 Ng6 18. Bxg6 hxg6 19. Qe3 Bd7 20. h4 Rc8 21.
Nb3 Qe7 22. h5 gxh5 23. g5 Nh7 24. Rxh5 Nxg5 25. Qxg5 f6 26. Qg6 fxe5 27. Rdh1
Qa3+ 28. Kb1 Kf8 29. Rh8+ Ke7 30. Qxg7+ Kd6 31. R8h5 Kc7 32. Rh7 Rcd8 33. Qxe5+
Qd6 34. Qe3 Kb8 35. Rg7 Rg8 36. Rhh7 Rxg7 37. Rxg7 Rc8 38. Kb2 Qc7 39. f4 Qd6
40. Qe5 Qxe5 41. fxe5 Bc6 42. Nc5 Re8 43. Rg6 Kc8 44. Rxe6 Rxe6 45. Nxe6 b6 46.
Nd4 Be8 47. Kc1 Kd8 48. Kd2 Ke7 49. Ke3 Bg6 50. Kf4 Be8 51. Kf5 Bd7+ 52. e6 Bc8
53. Ke5 Bb7 54. Nf5+ 1-0

[Event "L Festival B"]
[Site "Imperia ITA"]
[Date "2008.09.01"]
[Round "2"]
[White "Paniga, Danilo"]
[Black "Saffioti, Cristian"]
[WhiteElo "1816"]
[BlackElo "1926"]
[Result "1-0"]
[PlyCount "129"]
[EventDate "2008.08.31"]

1. d4 Nf6 2. Nf3 g6 3. Nbd2 Bg7 4. e4 d5 5. e5 Nfd7 6. Bd3 c5 7. c3 Nc6 8. O-O
cxd4 9. cxd4 Nf8 10. Nb3 Bg4 11. h3 Bxf3 12. Qxf3 Ne6 13. Be3 O-O 14. Qe2 Qb6
15. Rad1 Rac8 16. Bb1 Rfd8 17. f4 Nc7 18. f5 e6 19. fxg6 fxg6 20. h4 Ne7 21.
Bg5 Re8 22. Nc5 Qc6 23. Rc1 b6 24. Ne4 Qa4 25. Nd6 Qxd4+ 26. Be3 Qxe5 27. Nxe8
Rxe8 28. Qd2 Qd6 29. Bg5 e5 30. Rf2 e4 31. Bxe4 Nc6 32. Bf4 Ne5 33. Re2 Rd8 34.
Bb1 Ne6 35. Bh2 Nd4 36. Rf2 Re8 37. Kh1 Ndc6 38. Rd1 Rd8 39. Re2 Kh8 40. a3 Qe6
41. Ba2 Qg4 42. Qe1 Qe6 43. b4 b5 44. Red2 Ne7 45. Qe4 Qg4 46. Qxg4 Nxg4 47.
Re2 Bf6 48. g3 d4 49. Kg2 Nf5 50. Bg1 Be5 51. Rde1 Bxg3 52. Re8+ Rxe8 53. Rxe8+
Kg7 54. Bxd4+ Kh6 55. Bxa7 Bxh4 56. Rb8 Kg5 57. Rxb5 Kf4 58. Bb8+ Ke3 59. a4 h5
60. a5 Be1 61. a6 Nh4+ 62. Kf1 Nf3 63. a7 Ngh2+ 64. Bxh2 Nxh2+ 65. Kxe1 1-0

[Event "L Festival B"]
[Site "Imperia ITA"]
[Date "2008.09.02"]
[Round "3"]
[White "Paniga, Danilo"]
[Black "De Marco, Walter"]
[WhiteElo "1816"]
[BlackElo "1934"]
[Result "1/2-1/2"]
[PlyCount "47"]
[EventDate "2008.08.31"]

1. d4 b6 2. e4 Bb7 3. Bd3 Nf6 4. Nd2 Nc6 5. c3 e5 6. Ngf3 d6 7. dxe5 Nxe5 8.
Nxe5 dxe5 9. Qc2 Be7 10. O-O O-O 11. b4 c5 12. b5 Qc7 13. Re1 Rfd8 14. a4 Rd7
15. Nc4 Rad8 16. Bf1 Ne8 17. f3 Bf6 18. Be3 Nd6 19. Rad1 Nxc4 20. Bxc4 Rd6 21.
Rxd6 Rxd6 22. Rd1 Qd7 23. Rxd6 Qxd6 24. Qd3 1/2-1/2

[Event "L Festival B"]
[Site "Imperia ITA"]
[Date "2008.09.02"]
[Round "3"]
[White "Pauwels, Rudi"]
[Black "Cornaggia, Ranieri"]
[WhiteElo "1912"]
[BlackElo "1788"]
[Result "0-1"]
[PlyCount "114"]
[EventDate "2008.08.31"]

1. d4 Nf6 2. Nf3 g6 3. Nc3 Bg7 4. e4 d6 5. h3 O-O 6. Be3 e5 7. Qd2 Re8 8. dxe5
dxe5 9. O-O-O Qxd2+ 10. Rxd2 c6 11. a4 Nbd7 12. Bc4 Nb6 13. Ba2 Be6 14. Bxe6
Rxe6 15. b3 Ree8 16. Rhd1 Re7 17. a5 Nbd7 18. Rd6 a6 19. Nd2 Nf8 20. Nc4 Ne6
21. Nb6 Rb8 22. f3 Ree8 23. Nca4 Bf8 24. R6d2 Bb4 25. c3 Bxa5 26. b4 Bxb6 27.
Bxb6 Re7 28. Nb2 Nf8 29. Nc4 N6d7 30. Bc7 Rc8 31. Bd6 Re6 32. Bxf8 Nxf8 33. Nb6
Rc7 34. Rd8 Kg7 35. Na8 Rce7 36. Nb6 Re8 37. Rxe8 Rxe8 38. Nd7 Nxd7 39. Rxd7
Rb8 40. Rc7 Kf6 41. Kd2 Ke6 42. Kd3 Rd8+ 43. Ke2 Rd7 44. Rc8 Kd6 45. g4 Rc7 46.
Rd8+ Ke6 47. Re8+ Kf6 48. h4 h6 49. g5+ hxg5 50. hxg5+ Kxg5 51. Rxe5+ Kf4 52.
Re8 c5 53. bxc5 a5 54. c6 Rxc6 55. Re7 f6 56. Rxb7 Rxc3 57. Rb2 Re3+ 0-1

[Event "L Festival B"]
[Site "Imperia ITA"]
[Date "2008.09.03"]
[Round "4"]
[White "Martinez, Guido"]
[Black "Paniga, Danilo"]
[WhiteElo "1942"]
[BlackElo "1816"]
[Result "1/2-1/2"]
[PlyCount "83"]
[EventDate "2008.08.31"]

1. d4 Nf6 2. c4 g6 3. Nf3 Bg7 4. Nc3 O-O 5. e4 d6 6. h3 e5 7. Be3 Nc6 8. Be2
Nh5 9. dxe5 dxe5 10. Nd5 Nf4 11. Bf1 Ne6 12. Qd2 Ncd4 13. O-O-O Nxf3 14. gxf3
c6 15. Nc3 Qf6 16. Be2 Nf4 17. Bc5 Re8 18. h4 h5 19. Kb1 Bh3 20. Bf1 Rad8 21.
Qe1 Ng2 22. Qe2 Nf4 23. Qe1 Bg2 24. Bxg2 Nxg2 25. Qe2 Nxh4 26. Bxa7 Nxf3 27.
Be3 Nd4 28. Qf1 Kh7 29. Rh3 Bh6 30. Bxh6 Kxh6 31. Rdd3 g5 32. Qd1 g4 33. Qxg4
Qg6 34. Rxh5+ Qxh5 35. Rh3 Qxh3 36. Qxh3+ Kg5 37. Qg3+ Kf6 38. Qh4+ Ke6 39.
Qh3+ Ke7 40. Qh4+ Ke6 41. Qg4+ Ke7 42. Qh4+ 1/2-1/2

[Event "L Festival B"]
[Site "Imperia ITA"]
[Date "2008.09.03"]
[Round "5"]
[White "Cornaggia, Ranieri"]
[Black "Noli, Giovanni"]
[WhiteElo "1788"]
[BlackElo "1938"]
[Result "1/2-1/2"]
[PlyCount "91"]
[EventDate "2008.08.31"]

1. e4 c6 2. d4 d5 3. Nc3 dxe4 4. Nxe4 Bf5 5. Ng3 Bg6 6. f4 e6 7. Nf3 Nd7 8. Be2
Ngf6 9. O-O Be7 10. c3 Qc7 11. Ne5 Nxe5 12. dxe5 Ne4 13. Nxe4 Bxe4 14. Be3 Rd8
15. Qa4 Bd3 16. Bxd3 Rxd3 17. Qxa7 O-O 18. Qb6 Qd7 19. Rfe1 Rd5 20. Qb3 Rd8 21.
a4 f6 22. exf6 Bxf6 23. Bb6 Rf8 24. Rad1 Qf7 25. Rxd5 exd5 26. Qb4 Bh4 27. g3
Bf6 28. Bc5 Rc8 29. a5 h5 30. h4 Qg6 31. Kf2 Qf7 32. Be7 Rc7 33. Bxf6 gxf6 34.
Qd6 c5 35. Qe6 Kg7 36. Qxf7+ Kxf7 37. b4 d4 38. b5 dxc3 39. Rc1 c4 40. Rxc3 Rc5
41. b6 Kg6 42. Ke3 Rxa5 43. Rxc4 Rb5 44. Ke4 f5+ 45. Kd4 Rxb6 46. Rc8 1/2-1/2

[Event "L Festival B"]
[Site "Imperia ITA"]
[Date "2008.09.03"]
[Round "5"]
[White "Paniga, Danilo"]
[Black "Vozza, Nicola"]
[WhiteElo "1816"]
[BlackElo "1993"]
[Result "1-0"]
[PlyCount "93"]
[EventDate "2008.08.31"]

1. d4 Nf6 2. Nf3 g6 3. Nbd2 Bg7 4. e4 d6 5. Bd3 Nbd7 6. O-O O-O 7. c3 c6 8. Re1
Qc7 9. Qc2 a6 10. a4 b6 11. h3 e5 12. dxe5 dxe5 13. b4 Bb7 14. a5 b5 15. Ba3 c5
16. Rad1 Rac8 17. c4 cxb4 18. Bxb4 Rfe8 19. Rc1 Qb8 20. Qb1 Bh6 21. Rc2 Ba8 22.
cxb5 Rxc2 23. Qxc2 Rc8 24. Qa4 axb5 25. Bxb5 Nc5 26. Bxc5 Rxc5 27. Rb1 Bxd2 28.
Nxd2 Qc7 29. f3 Rc2 30. Qb4 Qa7+ 31. Kh2 Nh5 32. Bd3 Rc8 33. Qb6 Qe7 34. Bf1
Qh4 35. Qe3 Qg3+ 36. Kh1 Kg7 37. a6 f5 38. exf5 gxf5 39. Nc4 Re8 40. Nd6 Rf8
41. Rb8 Be4 42. Rxf8 Kxf8 43. Nxe4 fxe4 44. a7 exf3 45. a8=Q+ Kg7 46. Qb7+ Kg6
47. Bd3+ 1-0

[Event "L Festival B"]
[Site "Imperia ITA"]
[Date "2008.09.04"]
[Round "6"]
[White "Martinez, Guido"]
[Black "Cornaggia, Ranieri"]
[WhiteElo "1942"]
[BlackElo "1788"]
[Result "1/2-1/2"]
[PlyCount "98"]
[EventDate "2008.08.31"]

1. d4 Nf6 2. c4 g6 3. Nf3 Bg7 4. Nc3 O-O 5. Bg5 d6 6. Qc2 Nbd7 7. Rd1 h6 8. Bc1
c6 9. e4 Qc7 10. Bd3 e5 11. d5 Nxe4 12. dxc6 Nxc3 13. cxd7 Nxd1 14. dxc8=Q
Raxc8 15. Qxd1 e4 16. Bxe4 Qxc4 17. Bxb7 Qxc1 18. O-O Qxd1 19. Rxd1 Rb8 20. Bd5
Rxb2 21. Bb3 Rd8 22. Kf1 Kf8 23. Ne1 Bc3 24. Nc2 d5 25. Ne3 d4 26. Nc4 Rxb3 27.
axb3 Rb8 28. Rb1 a5 29. Na3 d3 30. f3 Re8 31. h3 Ke7 32. Nc4 Rb8 33. Rd1 d2 34.
Nxd2 Bxd2 35. Rxd2 Rxb3 36. Ra2 Rb5 37. Ke2 Rd5 38. Ke3 Kd6 39. g4 Kc6 40. Ra1
Kb5 41. Rb1+ Ka4 42. Rb7 f5 43. Rb6 fxg4 44. hxg4 Rg5 45. Kf4 Ka3 46. Re6 a4
47. Rb6 Ka2 48. Kg3 h5 49. Kh4 Rxg4+ 1/2-1/2

[Event "L Festival B"]
[Site "Imperia ITA"]
[Date "2008.09.05"]
[Round "7"]
[White "De Marco, Walter"]
[Black "Cornaggia, Ranieri"]
[WhiteElo "1934"]
[BlackElo "1788"]
[Result "1/2-1/2"]
[PlyCount "44"]
[EventDate "2008.08.31"]

1. g3 e5 2. Bg2 d5 3. d3 Nf6 4. a3 Bd6 5. Nd2 O-O 6. c4 c6 7. b4 Be6 8. Bb2
Nbd7 9. Ngf3 Ne8 10. O-O f5 11. cxd5 cxd5 12. e4 Nef6 13. Ng5 Qe7 14. Nxe6 Qxe6
15. exd5 Nxd5 16. Nc4 N7f6 17. Nxd6 Qxd6 18. Qb3 Kh8 19. Rac1 Rad8 20. Rfe1
Rfe8 21. Rc2 Rd7 22. Rce2 Rde7 1/2-1/2

[Event "L Festival B"]
[Site "Imperia ITA"]
[Date "2008.09.05"]
[Round "7"]
[White "Paniga, Danilo"]
[Black "Palka, Miroslav"]
[WhiteElo "1816"]
[BlackElo "2038"]
[Result "1-0"]
[PlyCount "89"]
[EventDate "2008.08.31"]

1. d4 d5 2. Nf3 Nf6 3. e3 g6 4. Nbd2 Bg7 5. Bd3 b6 6. c3 Bb7 7. Qe2 O-O 8. O-O
Nbd7 9. e4 dxe4 10. Nxe4 c5 11. Nxf6+ exf6 12. Be3 Re8 13. Qd2 cxd4 14. Nxd4
Ne5 15. f3 Nxd3 16. Qxd3 f5 17. Rfe1 Qh4 18. Bf2 Qg5 19. Kh1 Rad8 20. Qb5 Re7
21. Rxe7 Qxe7 22. Re1 Qd7 23. Qxd7 Rxd7 24. Kg1 Bf6 25. Be3 Kg7 26. Kf2 h5 27.
Nb3 Bh4+ 28. g3 Be7 29. Nd4 Bf6 30. Nb3 Bd8 31. Nd4 Rd5 32. Re2 Bf6 33. Rd2 Rd8
34. Nb5 Rxd2+ 35. Bxd2 a6 36. Nd4 Bd5 37. a3 Be7 38. b4 h4 39. Be3 hxg3+ 40.
hxg3 b5 41. Ne2 Kf6 42. Bd4+ Kg5 43. Be3+ f4 44. Nxf4 Ba2 45. Nd5+ 1-0